000 01328nam a2200361 i 4500
001 40852
003 FINmELB
005 20241216221919.0
006 m o u
007 cr cn|||||||||
008 230410s2021 cl o 000 0 spa d
020 _a9788418982163
035 _a(OCoLC)1377204008
040 _aFINmELB
_bspa
_erda
_cFINmELB
050 4 _aQ173
_b.A888 2021
080 _a5
082 0 4 _a500
_221
100 1 _aAstudillo, Pablo,
_eautor.
245 1 3 _aLa ciencia en clave constituyente /
_cPablo Astudillo.
250 _aPrimera edición: septiembre de 2021.
264 1 _aSantiago de Chile :
_bRIL editores,
_c2021.
300 _a1 recurso en línea (106 páginas)
336 _atexto
_btxt
_2rdacontent/spa
337 _acomputadora
_bc
_2rdamedia/spa
338 _arecurso en línea
_bcr
_2rdacarrier/spa
588 _aDescripción basada en metadatos suministrados por el editor y otras fuentes.
590 _aRecurso electrónico. Santa Fe, Arg.: elibro, 2023. Disponible vía World Wide Web. El acceso puede estar limitado para las bibliotecas afiliadas a elibro.
650 4 _aCiencia
_vObras de divulgación.
655 4 _aLibros electrónicos.
655 4 _aObras de divulgación.
797 2 _aelibro, Corp.
856 4 0 _uhttps://elibro.net/ereader/politecnicointernacional/225513
999 _c40852
_d40852